01455 2200313 4500001002100000005001500021035002000036008003900056245005100095100002900146250000600175260003200181300001200213084001400225082000800239650001000247520075200257990001201009990001201021990001201033990001201045990001201057990001201069990001201081990001201093990001201105990001201117990001201129INLIS00000000000025020240523014008 a0010-0424000226240523 | | | 1 aAyat - Ayat Cinta 2 /cHabiburahman El Shirazy aEl Shirazy, Habiburahman a1 aJakarta :bRepublika,c2017 a696 hlm a813 HAB a a813 4aFiksi aFahri, yang kini tinggal di Edinburgh, Skotlandia, dan bahkan menjadi dosen di University of Edinburgh, terpaksa menjalani kehidupan sendirian. Tanpa Aisha, yang menghilang dalam sebuah perjalanan ke Palestina. Sudah lebih dari dua tahun Fahri berduka dan tenggelam dalam usaha pencarian istri yang sangat dicintainya itu. Dengan menyibukkan dirinya, ia berusaha menyingkirkan rasa sedihnya sekaligus memperbaiki citra Islam dan muslim. Ia berbuat baik pada tetangganya, menyebarkan ilmu agama pada berbagai pihak, dan membantu orang-orang yang butuh bantuannya tanpa memandang bulu. D tengah kesibukannya, sebuah pertanyaan mengusik datang dari berbagai pihak. Akankah ia membujang seumur hidup? Akankah ia dipertemukan kembali dengan istrinya? a0732395 a0732396 a0732397 a0732398 a0732399 a0732400 a0732401 a0732402 a0732403 a0732404 a0737334